| 000 | 01233nam0a2200349 4500 | ||
|---|---|---|---|
| 001 | RU\NLR\bibl\402750 | ||
| 005 | 20250622164618.0 | ||
| 021 |
_aRU _b2003-13350 _9614 |
||
| 035 | _a(NLR Aleph) 000396897 | ||
| 090 |
_a550612 _c550612 |
||
| 100 | _a20030521d2003 |||y0rusy50 ca | ||
| 101 | 0 | _arus | |
| 102 | _aRU | ||
| 105 | _aa ||||||||| | ||
| 200 | 1 |
_aСтратегические приоритеты рыночной модели развития экономики региона _fТлинова С. А. |
|
| 210 |
_aМайкоп _cИзд-во АГУ _d2003 |
||
| 215 |
_a43,[1] с. _cил. _d21 |
||
| 320 | _aБиблиогр.: с. 41-43 (30 назв.) | ||
| 606 | 0 |
_aРыночная экономика _yАдыгея, Республика _92292888 _3RU\NLR\auth\661373108 |
|
| 610 | 0 | _aЭкономика | |
| 675 |
_a332.1(470.621) _v3 _zrus |
||
| 686 |
_a06.61 _2rugasnti |
||
| 686 |
_a65.9(2Рос) _2rubbk |
||
| 686 | _aУ9(2)-17(2Р-4Кр-6А) | ||
| 700 | 1 |
_aТлинова _bС. А. _gСветлана Адалгериевна _4070 |
|
| 801 | 0 |
_aRU _bRKP _c20030521 _gPSBO |
|
| 801 | 1 |
_aRU _bRKP _c20030521 |
|
| 801 | 2 |
_aRU _bNLR _c20030626 _grcr |
|
| 942 | _cBOOK | ||
| 980 | _aNB | ||
| 980 | _aNBR | ||